01310nam a2200241Ia 4500001001100000003001000011008004100021040002500062041001300087100003100100245008600131250001200217260005900229300001200288500020100300501011400501520020100615650003400816942000700850957000600857999004300863952016200906L251-18076IT-CnALBA170116s9999||||xx |||||||||||||| ||und|| aIT-CnALBAcIT-CnALBA aITALIANO aPEZZALI PIETRO, MONSIGNORE 0aPRONTUARIO EVANGELICO. VOL. VIII. SPIEGAZIONI OMILETICHE E DISEGNI D'ISTRUZIONI.  a15a ed. aMILANObDAVERIO GIOVANNI EDITORE c1943 [1° Ed.:1943] a197 p.  aDALL'ASSUNZIONE DI MARIA ALLA FESTA DI TUTTI I SANTI. RELIQUIE DEI SANTI. LA VERGINE SERVA DEL SIGNORE. SANTITÀ. MATERNITÀ DI MARIA. INCARNAZIONE ANNUNZIAZIONE. DEVOZIONE A MARIA. PATROCINIO.  aSocietà San Paolo EM - Piazza San Paolo, 14 - 12051 ALBA (CN) (non commercial uses only) ® Copyright 2017 aDALL'ASSUNZIONE DI MARIA ALLA FESTA DI TUTTI I SANTI. RELIQUIE DEI SANTI. LA VERGINE SERVA DEL SIGNORE. SANTITÀ. MATERNITÀ DI MARIA. INCARNAZIONE ANNUNZIAZIONE. DEVOZIONE A MARIA. PATROCINIO.  aPREDICAZIONE - ORATORIA SACRA cBK 71 a22822bSI g Copie: 1 c277207d277207 0010406L_2511807671aALBAbALBAd2017-01-16l0oL251-18076r2017-01-16 00:00:00w2017-01-16yBKz(data import: 16 gennaio 2017) - By Epidotti, Vaglietti.